000 01041nam0a22003131 4500
001 RU\INFOCOMM_322\NLR\5000243461
005 20250613112636.0
035 _a(NLR Aleph) 009615095
090 _a9396778
_c9396778
100 _a20130318d1978 |||y0rusy50 ca
101 0 _aeng
102 _aRU
105 _ay z |||||
200 1 _aSearch for charged tachyons
_fV. P. [!] Perepelitza
210 _aM.
_d1978
215 _a26 с.
_cил.
_d26 см
225 1 _aInstitute of theoretical and experimental physics
_vITEP-121
300 _aВ вып. дан.: Поиск заряженных тахионов / В. Ф. Перепелица
320 _aБиблиогр.: с. 25-26
606 0 _aТахионы заряженные
_xПоиск
_2nlr_sh1
620 _aМосква
686 _aВ313.21
_2rubbk
700 1 _9z02790
_aPerepelica
_bV. F.
790 1 _9z02700
_aPerepelitza
_bV. P. [!]
_4070
801 1 _aRU
_bInfocomm
_c20130318
801 0 _aRU
_bINFOCOMM
_gPSBO
852 _aNLR
_jФз01 Д-8/249
942 _cBOOK
980 _aNB